<?xml version="1.0" encoding="UTF-8"?>
<record
    xmlns:xsi="http://www.w3.org/2001/XMLSchema-instance"
    xsi:schemaLocation="http://www.loc.gov/MARC21/slim http://www.loc.gov/standards/marcxml/schema/MARC21slim.xsd"
    xmlns="http://www.loc.gov/MARC21/slim">

  <leader>00847nam a2200265 a 4500</leader>
  <controlfield tag="001">8998</controlfield>
  <controlfield tag="003">UkOxU</controlfield>
  <controlfield tag="005">20211208234709.0</controlfield>
  <controlfield tag="008">960424s1967    nyua          000 0 eng d</controlfield>
  <datafield tag="035" ind1=" " ind2=" ">
    <subfield code="a">(BD-RjUL)9043</subfield>
  </datafield>
  <datafield tag="040" ind1=" " ind2=" ">
    <subfield code="a">BD-RjUL</subfield>
    <subfield code="b">eng</subfield>
    <subfield code="c">BD-RjUL</subfield>
  </datafield>
  <datafield tag="041" ind1=" " ind2=" ">
    <subfield code="a">eng</subfield>
  </datafield>
  <datafield tag="082" ind1="0" ind2="4">
    <subfield code="b">PHY</subfield>
    <subfield code="2">19</subfield>
    <subfield code="a">538.7</subfield>
  </datafield>
  <datafield tag="245" ind1="0" ind2="0">
    <subfield code="a">Physics of geomagnetic phenomena /</subfield>
    <subfield code="c">edited by S. Matsushita and Wallace H. Campbell.</subfield>
  </datafield>
  <datafield tag="260" ind1=" " ind2=" ">
    <subfield code="a">New York, NY ;</subfield>
    <subfield code="a">London :</subfield>
    <subfield code="b">Academic Press,</subfield>
    <subfield code="c">1967.</subfield>
  </datafield>
  <datafield tag="300" ind1=" " ind2=" ">
    <subfield code="a">vol. :</subfield>
    <subfield code="b">ill. ;</subfield>
    <subfield code="c">24 cm </subfield>
  </datafield>
  <datafield tag="490" ind1="1" ind2=" ">
    <subfield code="a">International geophysics series ;</subfield>
    <subfield code="v">v. 11</subfield>
  </datafield>
  <datafield tag="500" ind1=" " ind2=" ">
    <subfield code="a">Includes index.</subfield>
  </datafield>
  <datafield tag="505" ind1="0" ind2=" ">
    <subfield code="a">Vol. 1-- v. 2--</subfield>
  </datafield>
  <datafield tag="650" ind1=" " ind2="0">
    <subfield code="a">Geomagnetism.</subfield>
    <subfield code="9">27932</subfield>
  </datafield>
  <datafield tag="700" ind1="1" ind2=" ">
    <subfield code="a">Matsushita, S.</subfield>
    <subfield code="9">27934</subfield>
  </datafield>
  <datafield tag="700" ind1="1" ind2=" ">
    <subfield code="a">Campbell, Wallace H.</subfield>
    <subfield code="q">(Wallace Hall),</subfield>
    <subfield code="d">1926-</subfield>
    <subfield code="9">27935</subfield>
  </datafield>
  <datafield tag="830" ind1=" " ind2=" ">
    <subfield code="a">International geophysics series ;</subfield>
    <subfield code="v">v. 11</subfield>
    <subfield code="9">212622</subfield>
  </datafield>
  <datafield tag="942" ind1=" " ind2=" ">
    <subfield code="2">ddc</subfield>
    <subfield code="c">BK</subfield>
  </datafield>
  <datafield tag="999" ind1=" " ind2=" ">
    <subfield code="c">8998</subfield>
    <subfield code="d">8998</subfield>
  </datafield>
  <datafield tag="952" ind1=" " ind2=" ">
    <subfield code="0">0</subfield>
    <subfield code="1">0</subfield>
    <subfield code="2">ddc</subfield>
    <subfield code="4">0</subfield>
    <subfield code="7">1</subfield>
    <subfield code="8">NFIC</subfield>
    <subfield code="a">RUCL</subfield>
    <subfield code="b">RUCL</subfield>
    <subfield code="c">Reading</subfield>
    <subfield code="d">1982-01-04</subfield>
    <subfield code="e">Heffers</subfield>
    <subfield code="g">44.60</subfield>
    <subfield code="l">0</subfield>
    <subfield code="o">538.7 PHY V-1 1967</subfield>
    <subfield code="r">2014-01-20 00:00:00</subfield>
    <subfield code="t">C-1</subfield>
    <subfield code="w">2021-12-08</subfield>
    <subfield code="y">BK</subfield>
  </datafield>
  <datafield tag="952" ind1=" " ind2=" ">
    <subfield code="0">0</subfield>
    <subfield code="1">0</subfield>
    <subfield code="2">ddc</subfield>
    <subfield code="4">0</subfield>
    <subfield code="7">1</subfield>
    <subfield code="8">NFIC</subfield>
    <subfield code="a">RUCL</subfield>
    <subfield code="b">RUCL</subfield>
    <subfield code="c">Reading</subfield>
    <subfield code="d">1982-01-04</subfield>
    <subfield code="e">Heffers</subfield>
    <subfield code="g">44.60</subfield>
    <subfield code="l">0</subfield>
    <subfield code="o">538.7 PHY V-2 1967</subfield>
    <subfield code="r">2017-05-09 00:00:00</subfield>
    <subfield code="t">C-1</subfield>
    <subfield code="w">2017-05-09</subfield>
    <subfield code="y">BK</subfield>
  </datafield>
</record>
